Derecho civil : contratos. parte general /
Guardado en:
| Autor Principal: | |
|---|---|
| Otros Autores: | |
| Formato: | Libro |
| Idioma: | Spanish |
| Publicado: |
Ciudad Autónoma de Buenos Aires :
Abeledo Perrot,
2017
|
| Edición: | 1a. ed. |
| Materias: | |
| Etiquetas: |
Agregar Etiqueta
Sin Etiquetas, Sea el primero en etiquetar este registro!
|
| LEADER | 00638nam a22001935a 4500 | ||
|---|---|---|---|
| 001 | DER.der013565 | ||
| 008 | 180615s2017####ag#####|###|#|######spa|| | ||
| 005 | 20251226120650.0 | ||
| 245 | 1 | 0 | |a Derecho civil : |b contratos. |p parte general / |c Iván Di Chiazza, Julio Cesar Rivera. |
| 250 | |a 1a. ed. | ||
| 260 | |a Ciudad Autónoma de Buenos Aires : |b Abeledo Perrot, |c 2017 | ||
| 300 | |a 670 p. | ||
| 020 | |a 9789502028859 | ||
| 100 | 1 | |a Crovi, Luis Daniel | |
| 700 | 1 | |a Rivera, Julio Cesar, |e dir. | |
| 700 | 1 | |a Di Chiazza, Iván | |
| 700 | 1 | |a Medina, Graciela, |e dir. | |
| 650 | 7 | |a DERECHO DE LOS CONTRATOS | |
| 859 | |a DERECHO |b BIB. DERECHO |h 348.023 |i CRO |p 008574 | ||
